5HLuxD.jpg

KING HENRY VIII SENIOR AND PRIMARY SCHOOL LIBRARY OPAC

Voodoo island / (Record no. 2749)

000 -LEADER
fixed length control field 01114cam a2200361 a 4500
001 - CONTROL NUMBER
control field 017605641
003 - CONTROL NUMBER IDENTIFIER
control field UkOxU
005 - DATE AND TIME OF LATEST TRANSACTION
control field 20230818142725.0
008 - FIXED-LENGTH DATA ELEMENTS--GENERAL INFORMATION
fixed length control field 090617r20081989enka 000 0 eng d
010 ## - LIBRARY OF CONGRESS CONTROL NUMBER
LC control number 2009294221
020 ## - INTERNATIONAL STANDARD BOOK NUMBER
International Standard Book Number 9780194790758 (pbk.)
020 ## - INTERNATIONAL STANDARD BOOK NUMBER
International Standard Book Number 0194790754 (pbk.)
035 ## - SYSTEM CONTROL NUMBER
System control number (OCoLC)314404441
035 ## - SYSTEM CONTROL NUMBER
System control number (IeDuTC)b139441621
035 ## - SYSTEM CONTROL NUMBER
System control number (UkLCURL)08b139441621
038 ## - RECORD CONTENT LICENSOR
Record content licensor OCoLC
040 ## - CATALOGING SOURCE
Original cataloging agency SVW
Transcribing agency SVW
Modifying agency DLC
-- TVG
-- KH8
042 ## - AUTHENTICATION CODE
Authentication code lccopycat
049 ## - LOCAL HOLDINGS (OCLC)
Local processing data o
082 00 - DEWEY DECIMAL CLASSIFICATION NUMBER
Classification number 428.6 DUC
Edition number 22
090 ## - LOCALLY ASSIGNED LC-TYPE CALL NUMBER (OCLC); LOCAL CALL NUMBER (RLIN)
Classification number (OCLC) (R) ; Classification number, CALL (RLIN) (NR) TCD
Local cutter number (OCLC) ; Book number/undivided call number, CALL (RLIN) PB-285-891
100 1# - MAIN ENTRY--PERSONAL NAME
Personal name Duckworth, Michael,
Relator term author.
245 10 - TITLE STATEMENT
Title Voodoo island /
Remainder of title Michael Duckworth.
260 ## - PUBLICATION, DISTRIBUTION, ETC.
Place of publication, distribution, etc. Oxford ;
-- New York :
Name of publisher, distributor, etc. Oxford University Press,
Date of publication, distribution, etc. c2008.
300 ## - PHYSICAL DESCRIPTION
Extent 56 p. :
Other physical details ill. ;
Dimensions 20 cm.
490 1# - SERIES STATEMENT
Series statement Oxford bookworms library. Stage 2, Fantasy & horror
500 ## - GENERAL NOTE
General note "First published in Oxford Bookworms 1989"--T.p. verso.
650 #0 - SUBJECT ADDED ENTRY--TOPICAL TERM
Topical term or geographic name entry element Readers (Adult)
650 #0 - SUBJECT ADDED ENTRY--TOPICAL TERM
Topical term or geographic name entry element English language
Form subdivision Textbooks for foreign speakers.
650 #0 - SUBJECT ADDED ENTRY--TOPICAL TERM
Topical term or geographic name entry element Reading comprehension
Form subdivision Problems, exercises, etc.
651 #0 - SUBJECT ADDED ENTRY--GEOGRAPHIC NAME
Geographic name Haiti
Form subdivision Fiction.
942 ## - ADDED ENTRY ELEMENTS (KOHA)
Source of classification or shelving scheme
Koha item type Teaching Resources
Holdings
Withdrawn status Lost status Source of classification or shelving scheme Damaged status Not for loan Collection code Permanent Location Current Location Shelving location Date acquired Total Checkouts Full call number Barcode Date due Date last seen Date last checked out Price effective from Koha item type
          Teaching Resources KH8 Senior School Library KH8 Senior School Library Staff Office 2023-08-18 3 428.6 DUC TRKHSL002131 2025-07-04 2025-06-19 2025-06-19 2023-08-18 Teaching Resources

Powered By KH8 IT Dept